Kajian metodologi dan penulisan hadith / (Record no. 780)

000 -LEADER
fixed length control field nam a22 a 4500
003 - CONTROL NUMBER IDENTIFIER
control field AKMAL
005 - DATE AND TIME OF LATEST TRANSACTION
control field 20170505105758.0
008 - FIXED-LENGTH DATA ELEMENTS--GENERAL INFORMATION
fixed length control field 170505s1989 my a00 may d
020 ## - INTERNATIONAL STANDARD BOOK NUMBER
International Standard Book Number 9836209212
039 #9 - LEVEL OF BIBLIOGRAPHIC CONTROL AND CODING DETAIL [OBSOLETE]
Level of rules in bibliographic description 200810301714
Level of effort used to assign nonsubject heading access points pmmalaysiana
040 ## - CATALOGING SOURCE
Original cataloging agency AKMAL
Transcribing agency AKMAL
041 1# - LANGUAGE CODE
Language code of text/sound track or separate title may
Language code of original eng
049 ## - LOCAL HOLDINGS (OCLC)
Holding library mal
082 04 - DEWEY DECIMAL CLASSIFICATION NUMBER
Classification number 291 MUH
090 ## - LOCALLY ASSIGNED LC-TYPE CALL NUMBER (OCLC); LOCAL CALL NUMBER (RLIN)
Classification number (OCLC) (R) ; Classification number, CALL (RLIN) (NR) 291
Local cutter number (OCLC) ; Book number/undivided call number, CALL (RLIN) MUH
100 1# - MAIN ENTRY--PERSONAL NAME
Personal name A'zami, Muhammad Mustafa
9 (RLIN) 1688
245 1# - TITLE STATEMENT
Title Kajian metodologi dan penulisan hadith /
Statement of responsibility, etc. Muhammad Mustafa Azami ; penterjemah Engku Ibrahim Engku Ismail
260 ## - PUBLICATION, DISTRIBUTION, ETC.
Place of publication, distribution, etc. Kuala Lumpur :
Name of publisher, distributor, etc. Dewan Bahasa dan Pustaka,
Date of publication, distribution, etc. 1989
300 ## - PHYSICAL DESCRIPTION
Extent xiii, 173ms. ;
Dimensions 22cm
500 ## - GENERAL NOTE
General note Terjemahan dari: Studies in hadith methodology and literature. American Trust Publications, 1977
504 ## - BIBLIOGRAPHY, ETC. NOTE
Bibliography, etc. note Bibliografi: 171-173
505 0# - FORMATTED CONTENTS NOTE
Formatted contents note Mengandungi ayat-ayat dari Quran
650 ## - SUBJECT ADDED ENTRY--TOPICAL TERM
Topical term or geographic name entry element Hadith
9 (RLIN) 818
650 ## - SUBJECT ADDED ENTRY--TOPICAL TERM
Topical term or geographic name entry element Hadith
General subdivision Authorities
9 (RLIN) 1689
700 ## - ADDED ENTRY--PERSONAL NAME
Personal name Engku Ibrahim Engku Ismail
9 (RLIN) 1690
942 ## - ADDED ENTRY ELEMENTS (KOHA)
Source of classification or shelving scheme
Koha item type Book
Holdings
Withdrawn status Lost status Source of classification or shelving scheme Damaged status Not for loan Collection code Home library Current library Date acquired Inventory number Total Checkouts Full call number Barcode Date last seen Price effective from Koha item type
          NON-FICTION AKMAL Melaka AKMAL Melaka 05.05.2017 200115   291 MUH 201701699 05.05.2017 05.05.2017 Book
Pusat Sumber Maklumat Dato' Haji Sarmin Md Hussin, Akademi Kastam Diraja Malaysia, Melaka
Tel: 06-2331106 | Faks: 06-2313787